Normal view
MARC view
Entry Personal Name
001 - CONTROL NUMBER
- control field: 875902
003 - CONTROL NUMBER IDENTIFIER
- control field:
005 - DATE AND TIME OF LATEST TRANSACTION
- control field: 20210627090305.0
008 - FIXED-LENGTH DATA ELEMENTS
- fixed length control field: 210627|| aca||aabn | a|a d
040 ## - CATALOGING SOURCE
- Original cataloging agency:
- Transcribing agency:
100 ## - HEADING--PERSONAL NAME
- Personal name: Jacob, H.
- Fuller form of name: (Henry),
- Dates associated with a name: 1909
670 ## - SOURCE DATA FOUND
- Source citation: Work cat.: ()755896: On the choice of a common language /, 1946
